Music Acts - I - Statistics

General Stats
  • This quiz has been taken 30 times
  • The average score is 5 of 13
Answer Stats
Hint Answer % Correct
Suicide Blonde, Need You Tonight, The Gift INXS
85%
Lust For Life, Real Wild Child, The Passenger Iggy Pop
81%
Can I Play With Madness, Virus, Run To The Hills Iron Maiden
63%
Theme From Shaft, Disco Connection, Chocolate Salty Balls (as Chef) Isaac Hayes
63%
This Ole Heart Of Mine, Behind A Pained Smile, That Lady Isley Brothers
37%
It Was A Good Day, Bop Gun (One Nation), You Can Do It Ice Cube
30%
Body Talk, Just An Illusion, In And Out Of Love Imagination
30%
Big Fun, Good Life, Whatcha Gonna Do With My Lovin' Inner City
15%
Dolphins Were Monkeys, Time Is Everything, My Star Ian Brown
11%
Calling All The Heroes, The Old Man And The Angel, Whole New World It Bites
11%
Tossing And Turning, Funny How Love Can Be, That's Why I'm Crying Ivy League
11%
Love Is A Wonderful Colour, Evangeline, Understanding Jane Icicle Works
7%
You Held The World In Your Hands, American English, When I Argue I see Shapes Idlewild
7%
No matching quizzes found
Score Distribution
Percent of People with Each Score
Percentile by Number Answered
Your Score History
You have not taken this quiz